<?xml version="1.0" encoding="UTF-8"?>
<collection xmlns="http://www.loc.gov/MARC21/slim">
 <record>
  <leader>01495nam a2200301 a 4500</leader>
  <controlfield tag="001">1/52158</controlfield>
  <controlfield tag="008">210508s2002    gr       b    000 | gre d</controlfield>
  <datafield tag="020" ind1=" " ind2=" ">
   <subfield code="a">9600215677</subfield>
   <subfield code="q">(set)</subfield>
  </datafield>
  <datafield tag="020" ind1=" " ind2=" ">
   <subfield code="a">9600215685</subfield>
   <subfield code="q">(τ. 1)</subfield>
  </datafield>
  <datafield tag="020" ind1=" " ind2=" ">
   <subfield code="a">9600216053</subfield>
   <subfield code="q">(τ. 2)</subfield>
  </datafield>
  <datafield tag="040" ind1=" " ind2=" ">
   <subfield code="a">GR-PeUP</subfield>
  </datafield>
  <datafield tag="082" ind1="0" ind2="0">
   <subfield code="a">962.16 ΤΟΜ</subfield>
  </datafield>
  <datafield tag="100" ind1="1" ind2=" ">
   <subfield code="a">Τομαρά-Σιδέρη, Ματούλα.</subfield>
  </datafield>
  <datafield tag="245" ind1="0" ind2="0">
   <subfield code="a">Ευεργετισμός και προσωπικότητα : </subfield>
   <subfield code="b">ευεργέτες Έλληνες του Καΐρου / </subfield>
   <subfield code="c">Ματούλα Τομαρά-Σιδέρη.</subfield>
  </datafield>
  <datafield tag="260" ind1=" " ind2=" ">
   <subfield code="a">Αθήνα : </subfield>
   <subfield code="b">Παπαζήσης, </subfield>
   <subfield code="c">2002.</subfield>
  </datafield>
  <datafield tag="300" ind1=" " ind2=" ">
   <subfield code="a">τ. (156·277 σ.) : </subfield>
   <subfield code="b">εικ. ; </subfield>
   <subfield code="c">21 εκ.</subfield>
  </datafield>
  <datafield tag="500" ind1=" " ind2=" ">
   <subfield code="a">Πάνω από τον τίτλο: Ελληνική Κοινότητα Καϊρου.</subfield>
  </datafield>
  <datafield tag="504" ind1=" " ind2=" ">
   <subfield code="a">Περιέχει βιβλιογραφία.</subfield>
  </datafield>
  <datafield tag="600" ind1="1" ind2="0">
   <subfield code="a">Αχιλλόπουλος, Ευάγγελος, </subfield>
   <subfield code="d">1833-1900.</subfield>
  </datafield>
  <datafield tag="600" ind1="1" ind2="0">
   <subfield code="a">Σπετσεπόπουλος, Δημήτριος, </subfield>
   <subfield code="d">[1870]-1946.</subfield>
  </datafield>
  <datafield tag="610" ind1="2" ind2="0">
   <subfield code="a">Ελληνική Κοινότητα Καΐρου.</subfield>
  </datafield>
  <datafield tag="610" ind1="2" ind2="0">
   <subfield code="a">Hellenike Koinotes Kairou.</subfield>
  </datafield>
  <datafield tag="650" ind1=" " ind2="0">
   <subfield code="a">Greeks</subfield>
   <subfield code="z">Egypt </subfield>
   <subfield code="z">Cairo.</subfield>
  </datafield>
  <datafield tag="650" ind1=" " ind2="4">
   <subfield code="a">Ευεργέτες </subfield>
   <subfield code="z">Αίγυπτος</subfield>
   <subfield code="z">Κάϊρο.</subfield>
  </datafield>
  <datafield tag="650" ind1=" " ind2="4">
   <subfield code="a">Έλληνες </subfield>
   <subfield code="z">Αίγυπτος</subfield>
   <subfield code="z">Κάιρο.</subfield>
  </datafield>
  <datafield tag="852" ind1=" " ind2=" ">
   <subfield code="a">INST</subfield>
   <subfield code="b">UNIPILB</subfield>
   <subfield code="c">MAIN</subfield>
   <subfield code="e">20210609</subfield>
   <subfield code="h">962.16 ΤΟΜ</subfield>
   <subfield code="p">00174178</subfield>
   <subfield code="q">00174178</subfield>
   <subfield code="t">LOAN</subfield>
   <subfield code="v">τομ.1:</subfield>
   <subfield code="y">0</subfield>
   <subfield code="4">1</subfield>
  </datafield>
  <datafield tag="852" ind1=" " ind2=" ">
   <subfield code="a">INST</subfield>
   <subfield code="b">UNIPILB</subfield>
   <subfield code="c">MAIN</subfield>
   <subfield code="e">20210508</subfield>
   <subfield code="h">962.16 ΤΟΜ</subfield>
   <subfield code="p">00174179</subfield>
   <subfield code="q">00174179</subfield>
   <subfield code="t">LOAN</subfield>
   <subfield code="v">τομ.2:</subfield>
   <subfield code="y">0</subfield>
   <subfield code="4">1</subfield>
  </datafield>
  <datafield tag="853" ind1=" " ind2=" ">
   <subfield code="a">INST</subfield>
   <subfield code="b">UNIPILB</subfield>
   <subfield code="c">MAIN</subfield>
   <subfield code="h">962.16 ΤΟΜ</subfield>
   <subfield code="l">τομ.2-τομ.1</subfield>
  </datafield>
 </record>
</collection>
